| 000 | 01125cam a22003137a 4500 | ||
|---|---|---|---|
| 001 | 704 | ||
| 005 | 20230809144650.0 | ||
| 008 | 111229s2011 nyu d 000 1 eng d | ||
| 020 | _a9780545123334 (trade pbk.) | ||
| 020 | _a054512333X (trade pbk.) | ||
| 040 |
_aBTCTA _beng _cBTCTA _dMLY _dDCH _dIFA _dON8 _dSINLB _dZAC _dYDXCP _dDLC |
||
| 050 | 0 | 0 |
_aPZ7.K8369 _bSaam 2011 |
| 082 | _a813.54 | ||
| 100 | 1 | _aKorman, Gordon. | |
| 245 | 1 | 0 |
_aTitanic / _cGordon Korman. _bBook three s.o.s. |
| 260 |
_aNew York : _bScholastic, _c2011. |
||
| 300 |
_a166 pages : _c20 cm. |
||
| 490 | 1 |
_aTitanic ; _vBook. 3 |
|
| 505 | _aW | ||
| 520 | _a"Four young characters -- with reasons to hide and secrets to keep -- are in for the journey of their lives in this fantastic Titanic trilogy from mystery and suspense master Gordon Korman"--Publisher. | ||
| 521 | _a820 | ||
| 521 |
_aW
_bRaz-Plus |
||
| 650 | 0 |
_aOcean liners _vJuvenile fiction. |
|
| 650 | 0 |
_aShipwrecks _vJuvenile fiction. |
|
| 650 | 1 |
_aOcean liners _vFiction. |
|
| 650 | 1 |
_aShipwrecks _vFiction. |
|
| 906 |
_a7 _bcbc _ccopycat _d2 _encip _f20 _gy-gencatlg |
||
| 942 |
_2ddc _cBK _n0 |
||
| 999 |
_c704 _d704 |
||